علاج السحر والحسد والجان في القرآن والسنة / (رقم التسجيلة. 133036)

تفاصيل مارك
000 -الفاتح
عناصر البيانات ثابتة الطول 00902cam a2200205 i 4500
005 - تاريخ ووقت آخر معاملة
حقل ضبط 20251117104632.0
008 - عناصر البيانات ثابتة الطول
عناصر البيانات ثابتة الطول 250721s2013 ua gr 000 0 ara d
082 14 - رقم تصنيف ديوي العشري
رقم التصنيف 210.421334
رقم المادة ش ع ر
100 1# - مدخل رئيسي – اسم شخصي
الاسم الشخصي الشعراوي، محمد متولي
علاقة الشخص بالعمل/ دوره مؤلف.
245 10 - بيان العنوان
العنوان علاج السحر والحسد والجان في القرآن والسنة /
بيان المسؤولية إمام الدعاة فضيلة الشيخ محمد متولي الشعرواي ؛ أعده وعلق عليه وقدم له عبد الرحيم محمد متولي الشعرواي.
264 31 - بيانات النشر، التوزيع…إلخ
مكان النشر، التوزيع...إلخ القاهرة :
اسم الناشر، الموزع...إلخ دار التوفيقية،
تاريخ النشر، التوزيع...إلخ 2013.
300 ## - الوصف المادي
عدد الوحدات المكونة للوعاء 360 صفحة.
650 17 - مدخل إضافي بالموضوع - مصطلح موضوعي
مصطلح موضوعي أو اسم جغرافي كعنصر مدخل السحر و التنجيم.
650 17 - مدخل إضافي بالموضوع - مصطلح موضوعي
مصطلح موضوعي أو اسم جغرافي كعنصر مدخل الأنظمة الدينية.
650 17 - مدخل إضافي بالموضوع - مصطلح موضوعي
مصطلح موضوعي أو اسم جغرافي كعنصر مدخل العلاج.
650 17 - مدخل إضافي بالموضوع - مصطلح موضوعي
مصطلح موضوعي أو اسم جغرافي كعنصر مدخل القرآن الكريم.
650 17 - مدخل إضافي بالموضوع - مصطلح موضوعي
مصطلح موضوعي أو اسم جغرافي كعنصر مدخل الحديث الشريف.
942 ## - بيانات إضافية (كوها)
نوع التنصيف Dewey Decimal Classification
نوع المادة (كوها) كتب
المقتنيات
حالة السحب حالة الفقدان مصدر التصنيف حالة التلف غير قابل للإعارة المكتبة الرئيسية المكتبة الحالية موقع الرف تاريخ التزويد الرقم المتسلسل Total Checkouts رقم الإستدعاء الباركود تاريخ آخر ظهور تاريخ الفاتورة نوع المادة (كوها)
    Dewey Decimal Classification     المكتبة المركزية المكتبة المركزية الإعارة 28/07/2025 1615511   210.421334 / ش ع ر PLD00355369 28/07/2025 28/07/2025 كتب
    Dewey Decimal Classification     مكتبة أم قصير والمقابلين العامة مكتبة أم قصير والمقابلين العامة الإعارة 18/11/2015 1615512   210.421334/شعر PLD00365366 28/07/2025 18/11/2015 كتب
Implemented & Customized by: BBB with SCIT (Smart Chains for Information Technology)

Powered by Koha